Datum a čas kvízu
28.5
Celkem bodů
Celkový počet nahraných bodů na tomto kvízu bez doplňovacích otázek.
7.
Pořadí na kvízu
Konečné umístění týmu na tomto kvízu.
Zaznamenané odpovědi
| # | Otázka | Odpověď | Body | Výsledky |
|---|---|---|---|---|
| 1. | V úterý byl odvolán ředitel je... | Česká televize (ČT), Jan Souček | 1 | |
| 2. | O které kulturní památce ležíc... | o věznici Alcatraz | 1 | |
| 3. | Minulý týden vyšlo album Ostra... | Michal Prokop | 0 | |
| 4. | Filipínské a americké vojenské... | D) Předčasné samovolné potopení filipínské lodi. | 1 | |
| 5. | Tři minuty a 57 sekund. Přesně... | Španělsko | 1 | |
| 6. | Podíváme se na historické udál... | O. J. Simpson, americký fotbal | 0.5 | |
| 7. | Seřaďte chronologicky tyto pol... | 1B 2A 3C 4D | 1 | |
| 8. | V České republice vystoupila o... | D | 1 | |
| 9. | Ve kterém roce vstoupila Česká... | v roce 2004, Vladimír Špidla | 1 | |
| 10. | Uveďte název města, kde byla p... | Turín; Nagano | 1 |